000 02674cam a2200601 a 4500
001 17030530
003 GZU
005 20260323080019.0
008 111031s2012 nyu b 001 0 eng
010 _a 2011045297
020 _a9780231149129
_qcloth : alk. paper
020 _a0231149123
_qcloth : alk. paper
020 _a9780231520256
_qebook
020 _a9781868145621
_qpaperback
020 _a186814562X
_qpaperback
020 _z9780231520256 (ebk.)
020 _z0231520255 (ebk.)
022 _a.
035 _a17030530
035 _a(DNLM)101572093
040 _aDNLM/DLC
_cDLC
_dGZULib
_beng
_erda
042 _apcc
050 0 0 _aRA643.8
_b.NAT 2012
100 1 _aNattrass, Nicoli.
_eauthor
245 1 4 _aThe AIDS conspiracy :
_bscience fights back /
_cNicoli Nattrass.
260 _aNew York :
_bColumbia University Press,
_cc2012.
300 _aviii, 225 pages :
_billustrations ;
_c24 cm.
336 _atext
_btxt
_2rdacontent
337 _aunmediated
_bn
_2rdamedia
338 _avolume
_bnc
_2rdacarrier
504 _aIncludes bibliographical references (p. [193]-216) and index.
505 0 _aThe conspiratorial move against HIV science and its consequences -- AIDS origin conspiracy theories in the United States and South Africa -- Who believes AIDS conspiracy theories and why leadership matters -- Science, politics, and credibility : David Gilbert fights AIDS conspiracy beliefs in US prisons -- Science, conspiracy theory, and the South African AIDS policy tragedy -- Hero scientists, cultropreneurs, living icons, and praise-singers : AIDS denialism as community -- Defending the imprimatur of science : Duesberg and the medical hypotheses saga -- The conspiratorial move and the struggle for evidence-based medicine.
520 _a.
650 0 _aAIDS (Disease)
_xTransmission.
650 0 _aHIV infections
_zUnited States.
650 0 _aHIV infections
_zSouth Africa.
650 0 _aAIDS (Disease)
_zUnited States.
650 0 _aAIDS (Disease)
_zSouth Africa.
650 0 _aMedical policy
_zUnited States.
650 0 _aMedical policy
_zSouth Africa.
650 0 _aConspiracy theories.
650 0 _aPublic opinion
_zUnited States.
650 0 _aPublic opinion
_zSouth Africa.
650 1 2 _aHIV Infections
_zSouth Africa.
650 1 2 _aHIV Infections
_zUnited States.
650 2 2 _aAcquired Immunodeficiency Syndrome
_zSouth Africa.
650 2 2 _aAcquired Immunodeficiency Syndrome
_zUnited States.
650 2 2 _aHealth Policy
_zSouth Africa.
650 2 2 _aHealth Policy
_zUnited States.
650 2 2 _aPublic Opinion
_zSouth Africa.
650 2 2 _aPublic Opinion
_zUnited States.
942 _2lcc
_cBK
_h643.8
_iNAT
_kRA
999 _c11745
_d11745